| 000 -CABECERA |
| campo de control de longitud fija |
01152nam a2200289 u 4500 |
| 001 - NÚMERO DE CONTROL |
| campo de control |
000055541 |
| 005 - FECHA Y HORA DE LA ÚLTIMA TRANSACCIÓN |
| campo de control |
20200120223120.0 |
| 008 - DATOS DE LONGITUD FIJA--INFORMACIÓN GENERAL |
| campo de control de longitud fija |
130606s1993 ck jr 000 f spa d |
| 020 ## - NÚMERO INTERNACIONAL ESTÁNDAR DEL LIBRO |
| Número Internacional Estándar del Libro |
958612150X. |
| 041 0# - CÓDIGO DE LENGUA |
| Código de lengua del texto/banda sonora o título independiente |
/spa |
| 043 ## - CÓDIGO DE ÁREA GEOGRÁFICA |
| Código de área geográfica |
s-ck--- |
| 090 ## - LOCALMENTE ASIGNADO TIPO-LC NÚMERO DE CLASIFICACIÓN (OCLC); NÚMERO DE CLASIFICACIÓN LOCAL (RLIN) |
| Número de clasificación (OCLC) (R) ; Numero de clasificación, CALL (RLIN) (NR) |
AT |
| Número cutter local (OCLC) ; Número de libro/Signatura topográfica íntegra, CALL (RLIN) |
VIVr |
| 100 1# - ENTRADA PRINCIPAL--NOMBRE DE PERSONA |
| Nombre de persona |
Viviescas Monsalve, Víctor Raúl |
| Fechas asociadas al nombre |
1958- |
| 245 10 - MENCIÓN DE TÍTULO |
| Título |
Ruleta rusa / |
| Mención de responsabilidad, etc. |
Raúl Viviescas Monsalve. |
| 250 ## - MENCIÓN DE EDICIÓN |
| Mención de edición |
1a. ed. |
| 260 ## - PUBLICACIÓN, DISTRIBUCIÓN, ETC. |
| Lugar de publicación, distribución, etc. |
Bogotá : |
| Nombre del editor, distribuidor, etc. |
Colcultura, |
| Fecha de publicación, distribución, etc. |
1993. |
| 300 ## - DESCRIPCIÓN FÍSICA |
| Extensión |
114 p. |
| 490 0# - MENCIÓN DE SERIE |
| Mención de serie |
Premios Nacionales 93. |
| -- |
Dramaturgia |
| 520 03 - SUMARIO, ETC. |
| Sumario, etc. |
"El sótano, guarida de compinches que se esconden luego de una traición, cárcel que los sumerge en un incansable juego de reproches, manipulaciones, torturas, sexo e intereses propios que al igual que en la ruleta rusa, nunca se sabe con certeza, si en la próxima tamboreada la bala quedará tras el cañón ". |
| 500 ## - NOTA GENERAL |
| Nota general |
Recomendado para adultos |
| 500 ## - NOTA GENERAL |
| Nota general |
Premio Nacional de Literatura, 1993. |
| 650 14 - PUNTO DE ACCESO ADICIONAL DE MATERIA--TÉRMINO DE MATERIA |
| Término de materia o nombre geográfico como elemento de entrada |
Teatro adulto colombiano. |
| 650 24 - PUNTO DE ACCESO ADICIONAL DE MATERIA--TÉRMINO DE MATERIA |
| Término de materia o nombre geográfico como elemento de entrada |
Literatura adulto colombiana. |
| 650 24 - PUNTO DE ACCESO ADICIONAL DE MATERIA--TÉRMINO DE MATERIA |
| Término de materia o nombre geográfico como elemento de entrada |
Traición en la literatura. |
| 650 24 - PUNTO DE ACCESO ADICIONAL DE MATERIA--TÉRMINO DE MATERIA |
| Término de materia o nombre geográfico como elemento de entrada |
Juegos en la literatura. |
| 650 24 - PUNTO DE ACCESO ADICIONAL DE MATERIA--TÉRMINO DE MATERIA |
| Término de materia o nombre geográfico como elemento de entrada |
Drama en la literatura. |